[Event "Skopje op-B"]
[Site "Skopje"]
[Date "2023.12.07"]
[Round "2"]
[White "Dal, Emir Saygin"]
[Black "Surlovski, Dushko"]
[Result "1/2-1/2"]
[WhiteElo "1345"]
[BlackElo "1664"]
[PlyCount "80"]
[EventDate "2023.12.06"]
[EventType "swiss"]
[EventRounds "9"]
[EventCountry "MKD"]
[SourceTitle "CB51_2023"]
[SourceDate "2023.12.20"]
[SourceVersion "1"]
[SourceVersionDate "2023.12.20"]
[SourceQuality "1"]

1. d4 d5 2. Bf4 Nf6 3. e3 e6 4. Nd2 Bd6 5. Bg3 b6 6. c3 Bb7 7. Bd3 0-0 8. Ngf3 c5 9. Ne5 Qe7 10. 0-0 Ne4 11. Qc2 f5 12. f4 Nd7 13. Ndf3 Ndf6 14. Be1 a6 15. a4 Rac8 16. h3 cxd4 17. exd4 Qe8 18. Bf2 Nh5 19. Be3 Bb8 20. Rae1 Nd6 21. Qb3 b5 22. axb5 axb5 23. Qc2 Nc4 24. Bxc4 dxc4 25. Qf2 Nf6 26. g4 Be4 27. g5 Nd5 28. Kh2 Bxf3 29. Qxf3 Bxe5 30. dxe5 Ra8 31. Bc5 Rf7 32. Qf2 Qc6 33. Bd6 Rd7 34. Kg3 Qb7 35. Qc5 Qa6 36. Ra1 Qb7 37. h4 Kf7 38. h5 Ne7 39. Kf2 Qe4 40. Qe3 Qc6 1/2-1/2

[Event "TUR-ch U07/12"]
[Site "Antalya"]
[Date "2023.01.24"]
[Round "5"]
[White "Dal, Emir Saygin"]
[Black "Yardak, Murat Kutay"]
[Result "1/2-1/2"]
[WhiteElo "1418"]
[BlackElo "1630"]
[PlyCount "57"]
[EventDate "2023.01.17"]
[EventType "swiss"]
[EventRounds "10"]
[EventCountry "TUR"]
[SourceTitle "EXT 2024"]
[Source "ChessBase"]
[SourceDate "2023.10.10"]
[SourceVersion "1"]
[SourceVersionDate "2023.10.10"]
[SourceQuality "1"]

1. e4 c5 2. c3 d5 3. exd5 Qxd5 4. d4 Nc6 5. Nf3 Bg4 6. Be2 cxd4 7. cxd4 e6 8. Nc3 Bb4 9. 0-0 Qa5 10. Bd2 Nge7 11. a3 Bxc3 12. bxc3 0-0 13. Rb1 Qc7 14. h3 Bh5 15. Qa4 b6 16. Be3 Rac8 17. c4 Rfd8 18. Rfd1 Nf5 19. d5 Nxe3 20. fxe3 Ne5 21. dxe6 Nxf3+ 22. Bxf3 Bxf3 23. exf7+ Qxf7 24. Rxd8+ Rxd8 25. Rf1 Qg6 26. Rxf3 Rd2 27. Rf2 Qb1+ 28. Rf1 Qe4 29. Rf3 1/2-1/2